[Event "Mittelrhein Verbandsliga-O 15/16"]
[Site "Nordrheinwestfalen"]
[Date "2015.12.13"]
[Round "5"]
[White "Kaimer, Werner"]
[Black "Martens, Alexander"]
[Result "1-0"]
[WhiteElo "1846"]
[BlackElo "1706"]
[PlyCount "63"]
[EventDate "2015.09.06"]
[EventType "team-tourn"]
[EventRounds "11"]
[EventCountry "GER"]
[SourceTitle "EXT 2022"]
[Source "ChessBase"]
[SourceDate "2021.10.06"]
[SourceVersion "1"]
[SourceVersionDate "2021.10.06"]
[SourceQuality "1"]
[WhiteTeam "Koeln Lasker II"]
[BlackTeam "Porz SG IV"]
[WhiteTeamCountry "GER"]
[BlackTeamCountry "GER"]

1. e4 c5 2. c3 Nf6 3. e5 Nd5 4. d4 cxd4 5. cxd4 d6 6. Nf3 Nc6 7. Bc4 Nb6 8. Bb5 a6 9. Bxc6+ bxc6 10. h3 e6 11. 0-0 Be7 12. Nc3 0-0 13. Qc2 d5 14. Rd1 a5 15. b3 Ba6 16. Be3 Rc8 17. Qd2 c5 18. dxc5 Bxc5 19. Bxc5 Rxc5 20. Ne4 Rb5 21. Nd6 Rc5 22. Ne4 Rb5 23. Rac1 Qa8 24. Nd6 Rb4 25. Nd4 Nc8 26. a3 Nxd6 27. axb4 Ne4 28. Qe1 axb4 29. Qxb4 Rb8 30. Qe1 h5 31. h4 Qa7 32. Nc6 1-0